Normal view
MARC view
- Computer Software Engineering-Dimensionality Reduction of Colored Images
Entry Topical Term
001 - CONTROL NUMBER
- control field: 35241
003 - CONTROL NUMBER IDENTIFIER
- control field: NUST
005 - DATE AND TIME OF LATEST TRANSACTION
- control field: 20201112160736.0
008 - FIXED-LENGTH DATA ELEMENTS
- fixed length control field: 201112|| aca||aabn | a|a d
040 ## - CATALOGING SOURCE
- Original cataloging agency: NUST
- Transcribing agency: NUST
150 ## - HEADING--TOPICAL TERM
- Topical term or geographic name entry element: Computer Software Engineering-Dimensionality Reduction of Colored Images
670 ## - SOURCE DATA FOUND
- Source citation: Work cat.: (NUST): Javaid, Sehar 35240, Dimensionality Reduction of Colored Images /, 2013
